Scenář reforem se nerodil v tichu pracoven.
Štruktúrna politika ako problematická časť scenára ekonomickej reformy. Dve možné riešenia realizácie zmien štruktúry národného hospodárstva. Prvé vychádza z toho, že zmena správania podnikateľskej sféry povedie k potrebným štruktúrnym zmenám, k čomu je nevyhnutná privatizácia. Druhá predstava prisu...
Salvato in:
| Autore principale: | |
|---|---|
| Natura: | Capitolo di libro |
| Lingua: | ceco |
| Soggetti: | |
| Tags: |
Nessun Tag, puoi essere il primo ad aggiungerne!!
|
MARC
| LEADER | 00000naa a2200000 4500 | ||
|---|---|---|---|
| 001 | r004034 | ||
| 005 | 20221125080228.7 | ||
| 041 | 0 | |a cze | |
| 044 | |a [CS] | ||
| 245 | 1 | 0 | |a Scenář reforem se nerodil v tichu pracoven. |c P. Nezval |
| 520 | |a Štruktúrna politika ako problematická časť scenára ekonomickej reformy. Dve možné riešenia realizácie zmien štruktúry národného hospodárstva. Prvé vychádza z toho, že zmena správania podnikateľskej sféry povedie k potrebným štruktúrnym zmenám, k čomu je nevyhnutná privatizácia. Druhá predstava prisudzuje vyššiu úlohu štátu, ktorý by mal profilovať budúcu štruktúru národného hospodárstva. | ||
| 610 | 2 | 0 | |a reformy hospodárske |
| 610 | 2 | 0 | |a politika hospodárska |
| 610 | 2 | 0 | |a štruktúra ekonomická |
| 610 | 2 | 0 | |a zmeny štruktúrne |
| 610 | 2 | 0 | |a privatizácia |
| 610 | 2 | 0 | |a ČSFR |
| 100 | 1 | |a Nezval, P. | |